Normal view
MARC view
Entry Topical Term
001 - CONTROL NUMBER
- control field: 16238
003 - CONTROL NUMBER IDENTIFIER
- control field: BD-RjUL
005 - DATE AND TIME OF LATEST TRANSACTION
- control field: 20250723162527.0
008 - FIXED-LENGTH DATA ELEMENTS
- fixed length control field: 250723|| aca||aabn | a|a d
040 ## - CATALOGING SOURCE
- Original cataloging agency: BD-RjUL
- Transcribing agency: BD-RjUL
150 ## - HEADING--TOPICAL TERM
- Topical term or geographic name entry element: রাজনৈতিক অবস্থা
- Geographic subdivision: বাংলাদেশ
670 ## - SOURCE DATA FOUND
- Source citation: Work cat.: (BD-RjUL)85302: মজহার, ফরহাদ 16237, গণঅভ্যুত্থান ও গঠন :, ২০২৩ , [মুদ্রণ ২০২৪]